| 000 | 00736nam a22002177a 4500 | ||
|---|---|---|---|
| 003 | 0 | ||
| 005 | 20250916113734.0 | ||
| 008 | 250916b xxu||||| |||| 00| 0 eng d | ||
| 020 | _a978-1-266-93322-6 | ||
| 050 |
_aT 57.6 _b.H55 2024 |
||
| 100 |
_aHillier, Frederick S., _eauthor. |
||
| 245 |
_aIntroduction to operations research / _cFrederick S. Hillier and Gerald J. Lieberman. |
||
| 260 |
_aNew York, NY : _bMcGraw Hill LLC, _c2024. |
||
| 300 |
_axxiv, 968 pages : _billustrations ; _c26 cm. |
||
| 504 | _aIncludes index. | ||
| 650 | _aOperations research. | ||
| 650 |
_aDecision making _xMathematical models. |
||
| 650 |
_aIndustrial engineering _xDecision making. |
||
| 700 |
_aLieberman, Gerald J., _eauthor. |
||
| 942 |
_2lcc _cBK |
||
| 999 |
_c367985 _d367985 |
||